Southville International School and Colleges
Your cart is empty.
  • Cart
  • Lists
    Public lists Eva Luna New books Lux_list list_1
    Your lists Log in to create your own lists
  • Log in to your account
  • Your cookies
  • Search history
Southville International School and Colleges
  • Advanced search
  • Recent comments
  • Most popular
  • Libraries

Log in to your account

Log in with GOOGLE


If you do not have an external account, but do have a local account, you can still log in:

  1. Home
  2. MARC view: Computer systems servicing :
Normal view MARC view ISBD view

Computer systems servicing : (Record no. 305148)

[ view plain ]
MARC details
000 -LEADER
fixed length control field 00468nam a22001577a 4500
003 - CONTROL NUMBER IDENTIFIER
control field SISC
005 - DATE AND TIME OF LATEST TRANSACTION
control field 20161004154436.0
008 - FIXED-LENGTH DATA ELEMENTS--GENERAL INFORMATION
fixed length control field 161004b xxu||||| |||| 00| 0 eng d
020 ## - INTERNATIONAL STANDARD BOOK NUMBER
International Standard Book Number 9789351157991
050 ## - LIBRARY OF CONGRESS CALL NUMBER
Classification number TK 7887
Item number .C739 2016
245 ## - TITLE STATEMENT
Title Computer systems servicing :
Remainder of title intermediate /
Statement of responsibility, etc 3G Elearning FZ LLC.
260 ## - PUBLICATION, DISTRIBUTION, ETC. (IMPRINT)
Place of publication, distribution, etc UAE :
Name of publisher, distributor, etc 3G Elearning,
Date of publication, distribution, etc 2016.
300 ## - PHYSICAL DESCRIPTION
Extent vi, 318 pages :
Other physical details color illustrations ;
Dimensions 29 cm.
500 ## - GENERAL NOTE
General note Includes index.
942 ## - ADDED ENTRY ELEMENTS (KOHA)
Source of classification or shelving scheme Library of Congress Classification
Koha item type Books
Holdings
Withdrawn status Lost status Source of classification or shelving scheme Damaged status Home library Current library Shelving location Date acquired Source of acquisition Sub Shelving location Total Checkouts Full call number Barcode Date last seen Price effective from Koha item type
    Library of Congress Classification   College Library College Library Graduate Section 10/04/2016 Library Fund     TK 7887 .C739 2016 c20737 05/15/2018 10/04/2016 Books

Computer systems servicing :

APA

(2016). Computer systems servicing. UAE: 3G Elearning.

Chicago

2016. Computer systems servicing. UAE: 3G Elearning.

Harvard

(2016). Computer systems servicing. UAE: 3G Elearning.

MLA

Computer systems servicing. UAE: 3G Elearning. 2016.

  • Place hold
  • Print
  • Cite
  • Add to your cart (remove)
  • Save record
    BIBTEX Dublin Core MARCXML MARC (non-Unicode/MARC-8) MARC (Unicode/UTF-8) MARC (Unicode/UTF-8, Standard) MODS (XML) RIS
  • More searches
    Search for this title in:
    Other Libraries (WorldCat) Other Databases (Google Scholar) Online Stores (Bookfinder.com) Open Library (openlibrary.org)

Exporting to Dublin Core...

SOUTHVILLE LIBRARY

Southville International School and Colleges Library

1281 Tropical Ave. Cor. Luxembourg St., BF Homes International, Las Pinas City

Tel. No. 8256374 / 252358 Loc. 117/146

Powered by Koha